| Tag |
First Indicator |
Second Indicator |
Subfields |
| LEADER |
00000cam a2200000 a 4500 |
| 001 |
in00000008923 |
| 005 |
20151004060017.0 |
| 008 |
850531s1987 njua b 00110 eng |
| 010 |
|
|
|a 85013424
|
| 020 |
|
|
|a 0389205869 (v. 1)
|
| 020 |
|
|
|a 0389205877 (v. 2)
|
| 035 |
|
|
|a (OCoLC)12162763
|
| 035 |
|
|
|9 AAA1335AM
|
| 040 |
|
|
|a DLC
|c DLC
|d TXA
|d UtOrBLW
|
| 043 |
|
|
|a n-us---
|
| 049 |
|
|
|a TXAM
|v 1 [A12618743]
|
| 050 |
0 |
0 |
|a PS169.R6
|b M67 1987
|
| 082 |
0 |
|
|a 810/.9/145
|2 19
|
| 100 |
1 |
|
|a Morse, David.
|
| 245 |
1 |
0 |
|a American Romanticism /
|c David Morse.
|
| 264 |
|
1 |
|a Totowa, N.J. :
|b Barnes & Noble Books,
|c 1987.
|
| 300 |
|
|
|a 2 volumes :
|b illustrations ;
|c 23 cm.
|
| 336 |
|
|
|a text
|b txt
|2 rdacontent
|
| 337 |
|
|
|a unmediated
|b n
|2 rdamedia
|
| 338 |
|
|
|a volume
|b nc
|2 rdacarrier
|
| 504 |
|
|
|a Bibliography: volume 1, pages 221-225; volume 2, pages 184-187.
|
| 500 |
|
|
|a Includes indexes.
|
| 505 |
0 |
|
|a 1. From Cooper to Hawthorne-excessive America -- 2. From Melville to James-the enduring excessive.
|
| 650 |
|
0 |
|a American literature
|x History and criticism.
|
| 650 |
|
0 |
|a Romanticism
|z United States.
|
| 999 |
|
|
|a MARS
|
| 999 |
f |
f |
|s 66b7a091-8df0-35a0-906a-e57d3c247fa2
|i 684d2a20-11a2-399f-8899-6e5fe9cf99df
|t 0
|
| 952 |
f |
f |
|p ric
|a Texas A&M University
|b Rellis Campus
|c Joint Library Facility
|d Remote Storage
|t 0
|e PS169.R6 M67 1987
|h Library of Congress classification
|i unmediated -- volume
|k v.2
|m A14813797948
|
| 952 |
f |
f |
|p ric
|a Texas A&M University
|b Rellis Campus
|c Joint Library Facility
|d Remote Storage
|t 0
|e PS169.R6 M67 1987
|h Library of Congress classification
|i unmediated -- volume
|k v.1
|m A14812618743
|
| 998 |
f |
f |
|a PS169.R6 M67 1987
|s v.1-v.2
|t 0
|l Remote Storage
|